Statistiken für Ländergrenze Tansania

Klicken Sie hier um das Quiz zu spielen!

Allgemein

  • Dieses Quiz wurde 127 mal gespielt
  • Das Durchschnittsergebnis liegt bei 8 aus 8

Antworten auf der Karte

Die Antworten werden auf der Karte rot bzw. grün angezeigt, abhängig davon wie oft sie richtig erraten wurden.
 

Antwortstatistiken

LängeLand% Korrekt
459 kmDem Rep Kongo
100%
756 kmMosambik
98%
217 kmRuanda
98%
338 kmSambia
98%
396 kmUganda
98%
769 kmKenia
97%
451 kmBurundi
95%
475 kmMalawi
95%

Verteilung der Resultate

Perzentil nach korrekt beantworteten Fragen

Anzahl Personen mit jedem Resultat

Ihre Resultats-Entwicklung

Sie haben dieses Quiz noch nicht gespielt